[Event "AUTO-MASTER-2468"]
[Site "http://www.queenalice.com/game.php?id=1424550"]
[Date "2016.5.24"]
[Round "1"]
[White "ravenga"]
[Black "Islander"]
[Result "0-1"]
[WhiteElo "2216"]
[BlackElo "2222"]

1. e4 d5 2. exd5 Nf6 3. c4 c6 4. dxc6 Nxc6 5. Nc3 e5 6. d3 Bf5 7. a3 e4 8. dxe4
Qxd1+ 9. Kxd1 O-O-O+ 10. Bd2 Nxe4 11. Nxe4 Bxe4 12. f3 Bg6 13. Ne2 Na5 14. Nc1
Bc5 15. Ke1 Rhe8+ 16. Be2 Nxc4 17. Bc3 Ne3 0-1

[Event "AUTO-MASTER-2468"]
[Site "http://www.queenalice.com/game.php?id=1424551"]
[Date "2016.5.24"]
[Round "1"]
[White "Islander"]
[Black "ravenga"]
[Result "1-0"]
[WhiteElo "2240"]
[BlackElo "2253"]

1. e4 Nf6 2. e5 Nd5 3. Nc3 Nxc3 4. bxc3 d6 5. f4 dxe5 6. fxe5 g6 7. Nf3 Bg7 8.
d4 O-O 9. Bd3 c5 10. O-O Nc6 11. Be3 Be6 12. Be4 Bd5 13. Bxd5 Qxd5 14. Qe2 c4
15. Rab1 b5 16. a4 a6 17. Rb2 Rfb8 18. axb5 axb5 19. Rfb1 Ra3 20. Qd2 b4 21.
cxb4 c3 22. Qd3 Na7 23. Rb3 Rxb3 24. Rxb3 Nb5 25. Kf2 f6 26. Ke2 Ra8 27. Bf2 Ra2
28. Rb1 Na3 29. Rc1 Qb3 30. Ne1 Qxb4 31. Be3 fxe5 32. dxe5 Qb5 33. Qxb5 Nxb5 34.
Nf3 h6 35. Kd3 Kf7 36. Kc4 Nc7 37. Kxc3 Nd5+ 38. Kb3 Ra8 39. Bd2 Rb8+ 40. Kc4
Ke6 41. Nd4+ Kxe5 42. Nc6+ 1-0

[Event "AUTO-MASTER-2468"]
[Site "http://www.queenalice.com/game.php?id=1424566"]
[Date "2016.5.24"]
[Round "1"]
[White "kokokinel"]
[Black "Islander"]
[Result "0-1"]
[WhiteElo "1940"]
[BlackElo "2249"]

1. d4 Nc6 2. c4 e5 3. d5 Nce7 4. e4 Ng6 5. Nc3 Nf6 6. Bg5 h6 7. Bxf6 Qxf6 8. Qf3
Qb6 9. O-O-O Be7 10. Nge2 O-O 11. Kc2 d6 12. Nc1 c5 13. Bd3 Bd7 14. g3 a6 15. h4
Rfc8 16. Qg2 Qd8 17. h5 Nf8 18. f4 b5 19. Rdg1 bxc4 20. Bxc4 Rcb8 21. fxe5 dxe5
22. Nd3 Qc7 0-1

[Event "AUTO-MASTER-2468"]
[Site "http://www.queenalice.com/game.php?id=1424567"]
[Date "2016.5.24"]
[Round "1"]
[White "Islander"]
[Black "kokokinel"]
[Result "1-0"]
[WhiteElo "2252"]
[BlackElo "2118"]

1. e4 e5 2. Nc3 Nc6 3. Nf3 Nf6 4. d4 exd4 5. Nxd4 d6 6. Be2 Be7 7. O-O O-O 8. f4
Bd7 9. Be3 Nxd4 10. Bxd4 Bc6 11. Bd3 Qd7 12. Qe2 b6 13. Rad1 Bb7 14. Bxf6 Bxf6
15. e5 Be7 16. f5 d5 17. f6 Bc5+ 18. Kh1 Qe6 19. Bxh7+ Kxh7 20. Qh5+ Kg8 21. Qg5
1-0

[Event "Challenge"]
[Site "http://www.queenalice.com/game.php?id=1428126"]
[Date "2016.6.19"]
[Round "-"]
[White "Mulder"]
[Black "Islander"]
[Result "1/2-1/2"]
[WhiteElo "1823"]
[BlackElo "2260"]

1. d4 f5 2. c4 Nf6 3. g3 g6 4. Bg2 Bg7 5. Nc3 O-O 6. Nf3 d6 7. O-O c6 8. d5 Qe8
9. Be3 Na6 10. Nd4 Bd7 11. Qc2 Nc7 12. h3 Rc8 13. dxc6 bxc6 14. Qd3 Nh5 15. Nb3
a6 16. Bb6 Nf6 17. f4 Ne4 18. Nxe4 fxe4 19. Bxe4 Bxh3 20. Rfb1 Bf5 21. Nd4 Bxe4
22. Qxe4 d5 23. cxd5 cxd5 24. Qf3 Qd7 25. Rc1 Ne6 26. Qg4 Nc5 27. Qxd7 Nxd7 28.
Ba7 Ra8 29. Ne6 Rxa7 30. Nxf8 Bxb2 31. Nxd7 Bxa1 32. Nb8 Bf6 33. Nc6 Rb7 34. Kf2
Rb2 35. a4 e6 36. a5 Rb3 37. e3 Ra3 38. Rb1 Ra2+ 39. Kf3 Rb2 40. Rxb2 Bxb2 41.
Nb8 Bc3 1/2-1/2

[Event "Challenge"]
[Site "http://www.queenalice.com/game.php?id=1428228"]
[Date "2016.6.20"]
[Round "-"]
[White "Islander"]
[Black "Ebbe"]
[Result "1-0"]
[WhiteElo "2265"]
[BlackElo "1974"]

1. e4 e5 2. Nf3 Nc6 3. d4 d5 4. exd5 Qxd5 5. Nc3 Bb4 6. Bd2 Bxc3 7. Bxc3 e4 8.
Nd2 Nf6 9. Nb3 b6 10. Be2 O-O 11. O-O Qg5 12. Kh1 Bb7 13. Bd2 Qg6 14. Be3 Ne7
15. c4 Rad8 16. Qc2 Ng4 17. Bf4 e3 18. Bd3 f5 19. fxe3 h5 20. h3 Nf6 21. Bxc7
Rc8 22. Bf4 b5 23. c5 a6 24. a4 bxa4 25. Rxa4 Ned5 26. Bxf5 Qe8 27. Bxc8 Qxa4
28. Bxb7 Qb5 29. Bxd5+ Nxd5 30. Nd2 Kh8 31. Kg1 Nxf4 32. Rxf4 Rxf4 33. exf4 Qd7
34. Nf3 Qf7 35. Qh7+ Kxh7 36. Ng5+ Kg6 37. Nxf7 Kxf7 38. c6 Ke7 39. d5 h4 40. c7
Kd7 41. d6 a5 42. g4 Kc8 43. f5 Kd7 44. g5 1-0

[Event "copa america"]
[Site "http://www.queenalice.com/game.php?id=1429936"]
[Date "2016.7.1"]
[Round "3"]
[White "Petruzza"]
[Black "Islander"]
[Result "0-1"]
[WhiteElo "1918"]
[BlackElo "2252"]

1. e4 d5 2. e5 Bf5 3. g4 Bg6 4. h4 h5 5. gxh5 Bxh5 6. Be2 Bxe2 7. Qxe2 Qd7 8. d4
e6 9. Nc3 Nh6 10. Bxh6 Rxh6 11. Nf3 c5 12. Qb5 Na6 13. Ng5 O-O-O 14. Qxd7+ Rxd7
15. O-O-O Nc7 16. a4 f6 17. exf6 gxf6 18. Nf3 Rdh7 19. Nb5 Nxb5 20. axb5 Rh5 21.
c3 Rf5 22. Rh3 Kd7 23. Kc2 cxd4 24. Rxd4 Bc5 25. Rd2 Rf4 26. b4 Bb6 27. Nd4
Rhxh4 28. Rxh4 Rxh4 29. f3 e5 30. Nf5 Rf4 31. Ng7 d4 32. Rd3 f5 33. Nh5 Rh4 34.
Nf6+ Ke6 35. Ne8 Rh7 36. c4 Re7 37. c5 Rxe8 38. cxb6 axb6 39. Ra3 Rc8+ 40. Kd3
Rc3+ 41. Rxc3 dxc3 42. Kxc3 Kd5 43. Kd3 f4 44. Kc3 e4 45. fxe4+ Kxe4 46. Kd2 Kf3
47. Kd3 Kg2 0-1

[Event "copa america"]
[Site "http://www.queenalice.com/game.php?id=1441013"]
[Date "2016.9.13"]
[Round "4"]
[White "Islander"]
[Black "jupar"]
[Result "1-0"]
[WhiteElo "2246"]
[BlackElo "2042"]

1. e4 e5 2. Nc3 Nf6 3. f4 d6 4. Nf3 Nc6 5. Bb5 exf4 6. d4 Bd7 7. Bxf4 Be7 8. O-O
O-O 9. d5 Ne5 10. Be2 Ng6 11. Be3 Re8 12. Nd4 c6 13. Qd2 Ne5 14. h3 a6 15. Nf5
Bf8 16. Bg5 Bxf5 17. Rxf5 h6 18. Bxf6 gxf6 19. Raf1 Bg7 20. Nd1 cxd5 21. exd5
Qe7 22. Nf2 Ng6 23. Bd3 Ne5 24. Kh1 Nxd3 25. Qxd3 Qe2 26. Ng4 Qxd3 27. cxd3 Re2
28. R1f2 Rae8 29. Kg1 Kh7 30. Nxf6+ Bxf6 31. Rxf6 Rxf2 32. Kxf2 Kg7 33. Rxd6 Re7
34. Rd8 Rc7 35. d6 Rc5 36. d4 Rc6 37. Ke3 Kf6 38. Rh8 Kg7 39. d7 Re6+ 40. Kd3
Kxh8 41. d8=Q+ Kg7 42. d5 Rf6 43. d6 b5 44. Qe7 Rf1 45. d7 Rd1+ 46. Kc2 1-0

[Event "AUTO-MASTER-2468"]
[Site "http://www.queenalice.com/game.php?id=1445039"]
[Date "2016.10.10"]
[Round "2"]
[White "Islander"]
[Black "ribeiroBR"]
[Result "1-0"]
[WhiteElo "2237"]
[BlackElo "2082"]

1. e4 c5 2. Nc3 e6 3. f4 Be7 4. Nf3 Bh4+ 5. g3 Be7 6. Bc4 a6 7. a4 Nc6 8. d3 Nf6
9. O-O d5 10. Ba2 O-O 11. Ne5 Nxe5 12. fxe5 Nd7 13. exd5 Nxe5 14. Be3 b6 15. d4
Ng6 16. Qh5 cxd4 17. Bxd4 Bc5 18. Rad1 Bd7 19. Bxc5 bxc5 20. dxe6 fxe6 21. Bxe6+
Kh8 22. Bxd7 Rxf1+ 23. Kxf1 a5 24. Bf5 Qf6 25. Nd5 Qa6+ 26. Kg1 Rd8 27. Ne7
Rxd1+ 28. Qxd1 Nxe7 29. Qd8+ Ng8 30. Qe8 Qf6 31. Be6 Qd4+ 32. Kg2 Qd2+ 33. Kh3
Qh6+ 34. Kg4 Qg6+ 35. Qxg6 hxg6 36. Bxg8 Kxg8 37. b3 Kf8 38. Kg5 Kf7 39. h4 Ke6
40. Kxg6 Kd5 41. Kxg7 Kd4 42. h5 Kc3 43. h6 Kxc2 44. h7 Kxb3 45. h8=Q Kxa4 46.
Qb8 c4 47. Qb1 c3 48. Kf6 Ka3 49. Ke5 a4 50. Kd4 c2 51. Qxc2 Kb4 52. Qb2+ 1-0

[Event "AUTO-MASTER-2468"]
[Site "http://www.queenalice.com/game.php?id=1445040"]
[Date "2016.10.10"]
[Round "2"]
[White "ribeiroBR"]
[Black "Islander"]
[Result "1-0"]
[WhiteElo "2058"]
[BlackElo "2255"]

1. e4 d5 2. e5 Bf5 3. d4 e6 4. Nf3 c5 5. Bb5+ Nc6 6. O-O Qb6 7. Bxc6+ bxc6 8. c3
Bg4 9. Qd3 Bxf3 10. gxf3 Ne7 11. b3 cxd4 12. cxd4 Nf5 13. Be3 c5 14. dxc5 Bxc5
15. Bxc5 Qxc5 16. Nd2 Rc8 17. Rfd1 O-O 18. f4 Qb4 19. Qf3 Nd4 20. Qg4 Rc2 21.
Nf3 Ne2+ 22. Kh1 Qxf4 23. Qxf4 Nxf4 24. Rd2 Rfc8 25. Rad1 h6 26. h4 R2c3 27. Ng1
Ng6 28. Ne2 Rc2 29. f4 Nxh4 30. Nd4 R2c3 31. Rd3 Ng6 32. Ne2 Rxd3 33. Rxd3 Rc2
34. Nd4 Nxf4 35. Rf3 Ng6 36. Nxc2 Nxe5 37. Rc3 g5 38. b4 Kg7 39. b5 1-0

[Event "AUTO-MASTER-2468"]
[Site "http://www.queenalice.com/game.php?id=1445041"]
[Date "2016.10.10"]
[Round "2"]
[White "Islander"]
[Black "Spiritus"]
[Result "1-0"]
[WhiteElo "2252"]
[BlackElo "2269"]

1. e4 e5 2. Nf3 Nc6 3. Nc3 Nf6 4. d4 exd4 5. Nxd4 Bb4 6. Nxc6 bxc6 7. Bd3 O-O 8.
O-O d5 9. exd5 cxd5 10. Bg5 Be6 11. Nb5 c5 12. a3 Ba5 13. b4 Bb6 14. bxc5 Bxc5
15. c3 h6 16. Bh4 Rc8 17. Nd4 Bxd4 18. cxd4 g5 19. Bg3 Ne4 20. Re1 Nxg3 21. hxg3
Qd7 22. Qh5 Kg7 23. Re5 f5 24. Rae1 Rce8 25. Bb5 Qc8 26. Bxe8 Rxe8 27. Rxf5 Bxf5
28. Qxe8 1-0

[Event "AUTO-MASTER-2468"]
[Site "http://www.queenalice.com/game.php?id=1445042"]
[Date "2016.10.10"]
[Round "2"]
[White "Spiritus"]
[Black "Islander"]
[Result "1/2-1/2"]
[WhiteElo "2266"]
[BlackElo "2245"]

1. e4 e5 2. f4 d5 3. exd5 exf4 4. Nf3 Nf6 5. Bc4 Nxd5 6. O-O Be7 7. Bxd5 Qxd5 8.
Nc3 Qd8 9. d4 O-O 10. Bxf4 c6 11. Qd3 Na6 12. Rae1 Be6 13. a3 Nc7 14. Ne4 Bf5
15. c3 Ne6 16. Nf6+ Bxf6 17. Qxf5 Nxf4 18. Qxf4 Qd7 19. Ne5 Bxe5 20. Rxe5 Rae8
21. Rfe1 f6 22. R5e3 Rxe3 23. Qxe3 1/2-1/2

[Event "Ajedrez # 4"]
[Site "http://www.queenalice.com/game.php?id=1447236"]
[Date "2016.11.1"]
[Round "1"]
[White "sallesandre88"]
[Black "Islander"]
[Result "0-1"]
[WhiteElo "1876"]
[BlackElo "2244"]

1. d4 Nc6 2. Nf3 d5 3. e3 Bg4 4. h3 Bxf3 5. Qxf3 e5 6. Nc3 Nf6 7. a3 exd4 8.
exd4 Nxd4 9. Qe3+ Ne6 10. Na4 c6 11. Bd3 Qa5+ 12. c3 Qxa4 13. Bf5 Be7 14. Bxe6
fxe6 15. Qxe6 Qe4+ 16. Qxe4 dxe4 17. O-O O-O 18. Bg5 h6 19. Be3 Nd5 20. Rfe1
Rfe8 21. Rad1 Bf6 22. Bd4 Bxd4 23. Rxd4 Nf6 24. g4 Rad8 25. Ra4 a6 26. Rb4 b5
27. a4 e3 28. fxe3 c5 29. Rf4 Rd2 30. axb5 axb5 31. b4 Nd5 32. Rf5 g6 33. Rf2
Rd3 34. bxc5 Rxc3 35. e4 Rxc5 36. Ra1 Rxe4 37. Ra8+ Kg7 38. Rff8 Nf6 39. Rfd8
Re7 40. Ra6 Rcc7 41. Rdd6 Rf7 42. h4 g5 43. h5 Rb7 44. Re6 b4 45. Ra2 b3 46. Rb2
Nxg4 47. Rc6 Rf2 48. Rb1 Ra2 49. Rc3 b2 50. Kg2 Ra1 51. Rxb2 Rxb2+ 52. Kg3 Rg1+
53. Kf3 Rf2+ 54. Ke4 Re1+ 55. Kd5 Rd2+ 56. Kc4 Re7 0-1

[Event "Challenge"]
[Site "http://www.queenalice.com/game.php?id=1449707"]
[Date "2016.11.13"]
[Round "-"]
[White "zugzwangskie"]
[Black "Islander"]
[Result "1-0"]
[WhiteElo "2105"]
[BlackElo "2268"]

1. e4 Nc6 2. d4 e5 3. Nf3 exd4 4. Nxd4 Bb4+ 5. c3 Bc5 6. Nxc6 bxc6 7. Bd3 Ne7 8.
b4 Bb6 9. a4 a5 10. Nd2 O-O 11. O-O d5 12. Nb3 axb4 13. cxb4 Be6 14. e5 Ng6 15.
a5 Ba7 16. Bxg6 hxg6 17. Be3 Bxe3 18. fxe3 Bc8 19. Qd4 Ba6 20. Rfc1 Bb5 21. Rc5
Qe7 22. Qf4 f6 23. e6 Qxe6 24. Nd4 Qd6 25. Nxb5 Qxf4 26. exf4 cxb5 27. Rxc7 1-0

[Event "Challenge"]
[Site "http://www.queenalice.com/game.php?id=1449852"]
[Date "2016.11.13"]
[Round "-"]
[White "zugzwangkid"]
[Black "Islander"]
[Result "1-0"]
[WhiteElo "1706"]
[BlackElo "2251"]

1. d4 f5 2. Bg5 g6 3. e3 Bg7 4. c4 Nf6 5. Nf3 d6 6. Nc3 O-O 7. Be2 c6 8. Qb3 h6
9. Bxf6 Bxf6 10. O-O Qb6 11. Qc2 e5 12. c5 Qd8 13. cxd6 e4 14. Ne5 Kh7 15. g4
Qxd6 16. gxf5 gxf5 17. Nxe4 Qe7 18. Nxf6+ Qxf6 19. Nd3 Be6 20. Nf4 Nd7 21. Kh1
Nb6 22. Rg1 Rg8 23. Bd3 Bd7 24. e4 1-0

[Event "Challenge"]
[Site "http://www.queenalice.com/game.php?id=1450020"]
[Date "2016.11.13"]
[Round "-"]
[White "Islander"]
[Black "Bzwugzwang"]
[Result "0-1"]
[WhiteElo "2264"]
[BlackElo "2144"]

1. e4 c5 2. Nc3 Nc6 3. Bb5 Nd4 4. Bc4 g6 5. Nf3 Bg7 6. Nxd4 Bxd4 7. O-O a6 8. a4
e6 9. Ne2 Bg7 10. d4 cxd4 11. Nxd4 d6 12. Be3 Ne7 13. Qd2 O-O 14. Bh6 Qc7 15.
Bxg7 Kxg7 16. Bb3 Nc6 17. c3 Na5 18. Qd1 Qb6 19. Ra3 Bd7 20. Re1 e5 21. Nf3 Bg4
22. Re2 Rad8 23. Bd5 Bxf3 24. gxf3 f5 25. b4 Nc6 26. Ra1 fxe4 27. fxe4 Rf3 28.
Qd2 Ne7 29. Rf1 Nxd5 30. exd5 Rdf8 31. Re3 Qd8 32. Rxf3 Rxf3 33. Re1 Rf4 34. Re3
a5 35. Qe1 axb4 36. cxb4 Qg5+ 37. Rg3 Qf5 0-1

[Event "Ajedrez # 4"]
[Site "http://www.queenalice.com/game.php?id=1462900"]
[Date "2017.2.5"]
[Round "3"]
[White "Eduardomoreto67"]
[Black "Islander"]
[Result "0-1"]
[WhiteElo "2229"]
[BlackElo "2233"]

1. c4 e5 2. Nc3 d6 3. Nf3 Bg4 4. e3 Nf6 5. Be2 Be7 6. d4 Nbd7 7. O-O O-O 8. h3
Bh5 9. b4 c6 10. Bb2 e4 11. Nd2 Bxe2 12. Qxe2 d5 13. c5 g6 14. a4 Nh5 15. g4 Ng7
16. f4 exf3 17. Nxf3 f5 18. Nh2 Qc7 19. Rf3 Nf6 20. gxf5 Nxf5 21. Ng4 Nxg4 22.
hxg4 Ng3 23. Rxf8+ Rxf8 24. Qg2 Bg5 25. Re1 Bxe3+ 26. Rxe3 Rf1+ 27. Qxf1 Nxf1
28. Kxf1 Qf4+ 29. Ke2 Qxd4 30. Ba3 Qxg4+ 31. Kd2 d4 0-1

[Event "Ajedrez # 4"]
[Site "http://www.queenalice.com/game.php?id=1468077"]
[Date "2017.3.9"]
[Round "4"]
[White "Islander"]
[Black "Scharlatan"]
[Result "1-0"]
[WhiteElo "2258"]
[BlackElo "2069"]

1. e4 e6 2. d4 d5 3. e5 c5 4. c3 Bd7 5. Nf3 a6 6. Bd3 cxd4 7. cxd4 Bb5 8. O-O
Bxd3 9. Qxd3 Nc6 10. Nc3 Nge7 11. a3 Nf5 12. b4 b5 13. Be3 Rc8 14. Rac1 h5 15.
Rc2 Qb6 16. Nxd5 1-0

[Event "Ajedrez # 4"]
[Site "http://www.queenalice.com/game.php?id=1475892"]
[Date "2017.4.30"]
[Round "5"]
[White "Ivacir"]
[Black "Islander"]
[Result "1/2-1/2"]
[WhiteElo "2065"]
[BlackElo "2248"]

1. e4 e5 2. f4 d5 3. exd5 exf4 4. Nf3 Nf6 5. Bc4 Nxd5 6. O-O Be7 7. Bxd5 Qxd5 8.
Nc3 Qd8 9. d4 O-O 10. Bxf4 c6 11. Qd3 Na6 12. a3 Nc7 13. Rae1 Be6 14. Ne4 Bf5
15. Ne5 Ne6 16. Be3 1/2-1/2